00535 2200205 4500001002100000005001500021035002000036245003700056100002200093250000600115300001700121700001800138260004900156082001400205084002000219020002200239008004100261650002000302990000700322INLIS00000000000006320241001124300 a0010-01190000191 aCewek Matre /cAlberthiene Endah0 aAlberthiene Endah a1 a464 ;c21 cm0 aHenk Winiarti aJakarta :bPT. Gramedia Pustaka Utama,c2004 a889.221'3 a889.221'3 ALB c a979-979-22-8087-6241001 0  4aFiksi Indonesia a59